Statistics for Random Swahili Words

Click here to take the quiz!

General Stats

  • This quiz has been taken 220 times
  • The average score is 10 of 20

Answer Stats

SwahiliEnglish% Correct
MezaTable
75%
KukuChicken
72%
SukariSugar
72%
MkateBread
70%
PenseliPencil
68%
MbwaDog
62%
MpiraBall
55%
MvulanaBoy
54%
JuaSun
53%
NguoClothes
51%
MauaFlower
51%
KisuKnife
51%
BiaBeer
48%
MguuFoot
43%
FedhaMoney
41%
PipiCandy
32%
NgamiaCamel
28%
ManyoyaFeather
21%
KisiwaIsland
20%
MashuaBoat
16%

Score Distribution

Percentile by Number Answered

Percent of People with Each Score

Your Score History

You have not taken this quiz